| 000 | 01368cam a22003495a 4500 | ||
|---|---|---|---|
| 001 | 015894609 | ||
| 003 | OSt | ||
| 005 | 20201128021335.0 | ||
| 008 | 110914t2012 enka frb 001 0 eng d | ||
| 020 | _a9780273763680 (pbk.) | ||
| 020 | _a0273763687 (pbk.) | ||
| 040 |
_aStDuBDS _beng _cStDuBDS _dUk _dEG-ScBUE |
||
| 082 | 0 | 4 |
_222 _a620.00151825 _bCHA |
| 100 | 1 |
_aChandrupatla, Tirupathi R., _d1944- _923422 |
|
| 245 | 1 | 0 |
_aIntroduction to finite elements in engineering / _cTirupathi R. Chandrupatla, Ashok D. Belegundu ; contributions by T. Ramesh, Chaitali Ray. |
| 250 | _a4th ed., International ed. | ||
| 260 |
_aHarlow : _bPearson Education Limited, _cc.2012. |
||
| 300 |
_a512 p. : _bill. ; _c24 cm. |
||
| 500 | _aIndex : p. 508-512. | ||
| 500 | _a"Authorised adaptation from the United States edition."--T.p. verso. | ||
| 504 | _aBibliography : p. 502-505. | ||
| 590 | _aWessam | ||
| 650 | 7 |
_aEngineering mathematics. _2BUEsh _912965 |
|
| 650 | 7 |
_aFinite element method. _2BUEsh _92126 |
|
| 651 | _2BUEsh | ||
| 653 |
_bENGGEN _cJune2015 _bENGGEN _cSeptember2015 _bENGGEN _cOctober2016 |
||
| 653 |
_bENGGEN _cJune2015 _bENGGEN _cSeptember2015 _bENGGEN _cOctober2016 _bENGGEN _cNovember2016 |
||
| 700 | 1 |
_aBelegundu, Ashok D., _d1956- |
|
| 700 | 1 |
_aRamesh, T., _d1972- _econtributor. |
|
| 700 | 1 |
_aRay, Chaitali, _econtributor. |
|
| 942 |
_2ddc _k620.00151825 CHA _e22 |
||
| 999 |
_c19885 _d19857 |
||